| 000 | 00591nam a2200181Ia 4500 | ||
|---|---|---|---|
| 008 | 090124s9999 xx 000 0 und d | ||
| 082 | _b33994 | ||
| 100 | _aदेशपांडेे वामन | ||
| 245 | _a निवडक तुकाराम | ||
| 250 | _a0 | ||
| 260 |
_bउत्कर्ष प्रकाशन _c1997 |
||
| 300 | _a252 | ||
| 600 | _aदेशपांडेे वामन | ||
| 630 | _a निवडक तुकाराम | ||
| 700 | _aदेशपांडेे वामन | ||
| 730 | _a निवडक तुकाराम | ||
| 942 | _cBOOK | ||
| 999 |
_c99916 _d99916 |
||